Kenia-visa - Statistics

Yleistilastot
  • Tätä visaa on pelattu 341 kertaa
  • Keskiarvotulos 14 / 20
Vastaustilastot
Vihje Vastaus % Oikein
Pääkaupunki Nairobi
92%
Viralliset kielet Englanti
91%
Naapurimaa Somalia
91%
Yhdysvaltain presidentti, jonka isä oli syntynyt Keniassa Barack Obama
90%
Naapurimaa Tansania
90%
Euroopan valtio, joka hallitsi Keniaa vuosina 1895–1963 Yhdistynyt kuningaskunta
90%
Naapurimaa Etiopia
88%
Naapurimaa Uganda
87%
Naapurimaa Etelä-Sudan
77%
Suurin järvi, joka on ainakin osittain Keniassa Victorianjärvi
75%
Olympialaisten kilpailu, jossa Eliud Kipchoge pitää hallussaan maailmanennätystä Maraton
72%
Viralliset kielet Swahili
68%
Väkirikkain rannikkokaupunki Mombasa
63%
Kenia tuottaa enemmän tämän kasvin lehtiä kuin mikään muu valtio Kiinaa ja Intiaa lukuun ottamatta Tee
63%
Mikä tappoi 28-31 Tsavo-joen ylle rautatietä rakentamassa ollutta ihmistä vuonna 1898? Leijonat
52%
Korkein vuori (toiseksi korkein Afrikassa) Mount Kenya
49%
Kenian läpi kulkeva syvänne Iso {hautavajoama}
33%
Valuutta Šillinki
32%
Vuosien 1952–1960 kapina ylläolevaa vastaan {Mau-mau}-kapina
30%
Ihmisiä tulee Masai Maraan nähdäkseen näiden nisäkkäiden vuosittaisen muuton Gnuut
26%
Ehtoja vastaavia visoja ei löytynyt
Tulosjakauma
Jokaisen tuloksen saaneiden osuus
Persentiili vastausten määrän mukaan
Tuloshistoriasi
Et ole pelannut tätä visaa